00799nam a22002417a 450000500170000001000130001702000220003003500130005203700160006504000120008108200160009324500560010926000500016527000470021530000220026250000190028465000410030365000220034470000210036694200250038799900190041295201260043120170124105951.0 aB-031650 c00.00a8176293431 aB-031650 bCen Lib/Ret aDPLbEN a331.31bECO aEconomics of child labour /cedited by K. P. Kannan aNew DelhibDeep and Deep Publications c2001 aF-159, Rajouri Garden bNew Delhie110027 ax,266p.c22cm(Hb) aIncludes index aChild labor--Economic aspects913613 aChild labor97276 aKannan, K913608 2ddccENh331.15mECO c125285d125285 00104070aLbLd2015-06-20eCen Lib/Ret g0.00l0o331.31 ECOpB-031650r2015-06-20 00:00:00t1v0.00w2015-06-20yEN